<?xml version="1.0" encoding="UTF-8"?>
<record
    xmlns:xsi="http://www.w3.org/2001/XMLSchema-instance"
    xsi:schemaLocation="http://www.loc.gov/MARC21/slim http://www.loc.gov/standards/marcxml/schema/MARC21slim.xsd"
    xmlns="http://www.loc.gov/MARC21/slim">

  <leader>01125nam a2200253 i 4500</leader>
  <controlfield tag="001">180887</controlfield>
  <controlfield tag="003">ES-MaACL</controlfield>
  <controlfield tag="005">20230930213301.0</controlfield>
  <controlfield tag="008">120809s2002    sp a         |||| |dspa d</controlfield>
  <datafield tag="020" ind1=" " ind2=" ">
    <subfield code="a">84-95058-97-9</subfield>
  </datafield>
  <datafield tag="080" ind1=" " ind2=" ">
    <subfield code="a">328(460)(089.3)</subfield>
  </datafield>
  <datafield tag="100" ind1="1" ind2=" ">
    <subfield code="a">Bartolom&#xE9; Mart&#xED;nez, Gregorio.</subfield>
    <subfield code="9">26174</subfield>
  </datafield>
  <datafield tag="245" ind1="1" ind2="0">
    <subfield code="a">Menos leones : </subfield>
    <subfield code="b">as&#xED; eran sus se&#xF1;or&#xED;as a los diez a&#xF1;os de la Constituci&#xF3;n : cr&#xF3;nicas parlamentarias publicadas en el peri&#xF3;dico YA entre 1987-1989 /</subfield>
    <subfield code="c">Gregorio Bartolom&#xE9; Mart&#xED;nez.</subfield>
  </datafield>
  <datafield tag="246" ind1="3" ind2="7">
    <subfield code="a">Cr&#xF3;nicas parlamentarias : </subfield>
    <subfield code="b">publicadas en el peri&#xF3;dico YA entre 1987-1989</subfield>
  </datafield>
  <datafield tag="260" ind1=" " ind2=" ">
    <subfield code="a">Madrid : </subfield>
    <subfield code="b">Ediciones 2010, </subfield>
    <subfield code="c">[2002]</subfield>
  </datafield>
  <datafield tag="300" ind1=" " ind2=" ">
    <subfield code="a">X, 360 p. : </subfield>
    <subfield code="b">il. ; </subfield>
    <subfield code="c">24 cm.</subfield>
  </datafield>
  <datafield tag="500" ind1=" " ind2=" ">
    <subfield code="a">&#xCD;ndice onom&#xE1;stico.</subfield>
  </datafield>
  <datafield tag="610" ind1="1" ind2="4">
    <subfield code="a">Espa&#xF1;a. </subfield>
    <subfield code="b">Cortes Generales-</subfield>
    <subfield code="v">An&#xE9;cdotas.</subfield>
    <subfield code="9">151255</subfield>
  </datafield>
  <datafield tag="650" ind1=" " ind2="4">
    <subfield code="a">Parlamentarios-</subfield>
    <subfield code="z">Espa&#xF1;a-</subfield>
    <subfield code="v">An&#xE9;cdotas.</subfield>
    <subfield code="9">151256</subfield>
  </datafield>
  <datafield tag="852" ind1="4" ind2=" ">
    <subfield code="a">ES-MaACL</subfield>
    <subfield code="j">A-12166</subfield>
    <subfield code="9">187766</subfield>
    <subfield code="b">R.146925</subfield>
    <subfield code="c">DEPO1</subfield>
    <subfield code="d">Olim: N-5171</subfield>
    <subfield code="x">Donaci&#xF3;n: Gregorio Bartolom&#xE9; Mart&#xED;nez</subfield>
    <subfield code="z">Dedicatoria aut&#xF3;grafa del autor</subfield>
  </datafield>
  <datafield tag="903" ind1=" " ind2=" ">
    <subfield code="9">26174</subfield>
    <subfield code="a">Bartolom&#xE9; Mart&#xED;nez, Gregorio</subfield>
    <subfield code="e">dnr</subfield>
  </datafield>
  <datafield tag="942" ind1=" " ind2=" ">
    <subfield code="2">udc</subfield>
    <subfield code="c">MONOGRAFIA</subfield>
  </datafield>
  <datafield tag="999" ind1=" " ind2=" ">
    <subfield code="c">180887</subfield>
    <subfield code="d">180887</subfield>
  </datafield>
  <datafield tag="952" ind1=" " ind2=" ">
    <subfield code="0">0</subfield>
    <subfield code="1">0</subfield>
    <subfield code="2">udc</subfield>
    <subfield code="4">0</subfield>
    <subfield code="7">0</subfield>
    <subfield code="a">ATENEOM</subfield>
    <subfield code="b">ATENEOM</subfield>
    <subfield code="c">DEPO1</subfield>
    <subfield code="d">2012-08-09</subfield>
    <subfield code="e">DONACION</subfield>
    <subfield code="l">0</subfield>
    <subfield code="o">A-12166</subfield>
    <subfield code="p">1190084</subfield>
    <subfield code="r">2023-02-23 00:00:00</subfield>
    <subfield code="w">2023-02-23</subfield>
    <subfield code="y">MONOGRAFIA</subfield>
    <subfield code="z">Dedicatoria aut&#xF3;grafa del autor</subfield>
  </datafield>
</record>
